01276nam a2200301Ia 450000500170000000800410001702000150005804100080007310000230008124500780010425000220018226400490020430000320025333600270028533700330031233800280034549000450037352002580041865000350067665000270071165000250073865000450076365000410080865000450084970000340089404000350092808400110096320220316235230.0121119s1999 mx a 000 0 spa  a96816420231 aspa1 aAlexander, Martha,10aBuenas noches, LolacMartha Alexander ; traducción de Francisco Segovia aPrimera edición 1aMéxicobFondo de Cultura Económicac1999 a14 páginasbilustraciones atextobtxt2rdacontent asin mediaciónbn2rdamedia avolumenbnc2rdacarrier0 aLos especiales de a la orilla del viento3 aLola y su muñeca le leen un cuento de dulces suenos a Lalo y a su osito. Cuando los dos niños se duermen, muñeca y osito terminan la historia por su cuenta. B Muñeca y osito quieren saber como termina la historia Un cuento para dormir y soñar 142LEMBaHora de dormir vCuentos142LEMBaSueñovCuentos142LEMBaBebesvCuentos142LEMBaLiteratura infantil estadounidense14aLibros ilustrados para niños2LEMB14aCuentos infantiles estadounidenses2LEMB1 aSegovia, Franciscoetraductor aCO-BoRNBPbspaerdacCO-BoRNBP aA ALE2